| 000 | 01862nam a2200517 i 4500 | ||
|---|---|---|---|
| 001 | 56456 | ||
| 003 | KOSZ 005 | ||
| 005 | 20240405063209.0 | ||
| 008 | 200821s2008 pl a g 001 0 pol | ||
| 015 | _aUWD 2009/3808 | ||
| 020 | _a9788302100901 | ||
| 035 | _a991046410959705066 | ||
| 035 | _a(PL-WaBN)b22760957-48omnis_nlop | ||
| 035 | _ab22760957 | ||
| 035 | _a(OCoLC)297603379 | ||
| 035 | _a(PL)b0000002276095 | ||
| 035 | _a(EXLNZ-48OMNIS_NETWORK)9910452571305606 | ||
| 040 |
_aWA N _cWA N _dKOSZ 005/RW |
||
| 046 | _k2008 | ||
| 080 | _a7.036/.038 | ||
| 100 | 1 |
_aOsińska, Barbara _d(?-2002) _eAutor |
|
| 245 | 1 | 0 |
_aSztuka i czas. _n4, _pXX wiek / _cBarbara Osińska ; [autorem rozdziału Sztuka polska po II wojnie światowej Stanisław K. Stopczyk]. |
| 246 | 3 | 0 | _aXX wiek |
| 260 |
_aWarszawa : _bWydawnictwa Szkolne i Pedagogiczne, _c2008. |
||
| 300 |
_a168 stron : _bilustracje (głównie kolorowe) ; _c31 cm. |
||
| 336 |
_aTekst _btxt _2rdacontent |
||
| 337 |
_aBez urządzenia pośredniczącego _bn _2rdamedia |
||
| 338 |
_aWolumin _bnc _2rdacarrier |
||
| 380 | _aKsiążki | ||
| 380 | _aPublikacje popularnnaukowe | ||
| 388 | 1 | _a2001- | |
| 500 | _aDodatek do czasopisma: Rzeczpospolita, Parkiet : gazeta giełdy. | ||
| 504 | _aBibliografia na stronie 157. Indeks. | ||
| 648 | 7 | _a1901-2000 | |
| 648 | 7 | _a2001- | |
| 650 | 7 |
_aSztuka _2DBN |
|
| 650 | 7 | _aStyle i kierunki artystyczne | |
| 655 | 7 |
_aPublikacja bogato ilustrowana _2DBN |
|
| 658 | _aKultura i sztuka | ||
| 658 | _aHistoria | ||
| 700 | 1 |
_aStopczyk, Stanisław Krzysztof _d(?-2013) _eAutor |
|
| 710 | 2 |
_aWydawnictwa Szkolne i Pedagogiczne _4pbl |
|
| 856 |
_uhttp://koha.tu.koszalin.pl/cgi-bin/koha/opac-detail.pl?biblionumber=56456 _yKatalog online BPK |
||
| 942 |
_2UKD _cKS |
||
| 999 |
_c56456 _d56456 |
||